01431 2200385 4500001002100000005001500021035002000036007000300056008004100059020002200100040002200122082001900144084002100163100003400184245025700218250003300475300003000508650003000538700002700568700003700595700003000632700002400662700004500686700002800731700003900759700002700798700003400825700002400859850001200883264005600895336002100951337003000972338002301002990002001025INLIS00000000086183520210702104009 a0010-0721000070ta210702s2019 jii g j ind d a978-602-53620-3-3 aYOPDYOGbinderda04223a899.221301 a899.221301 AFR m0 aAfrizal Malnad1957-epenulis10aMetanarasi panji :bantologi cerpen berbasis cerita panji /cpenulis, Afrizal Malna, Diana AV Sasa, Gunawan Maryanto, Hanif Nashrullah, MS Nugroho, Ratna Indraswari Ibrahim, Salamet Wahedi, Stephanie Yulianto, S. Jai, Widodo Basuki; penyunting, Mashuri aCetakan kedua, Oktober, 2019 axii, 149 halaman ;c21 cm 4aCerita pendek--xKumpulan0 aDiana AV Sasaepenulis0 aGunawan Maryantod1976-epenulis0 aHanif Nashrullahepenulis0 aMS Nugrohoepenulis0 aRatna Indraswari Ibrahimd1949-epenulis0 aSalamet Wahediepenulis0 aStephanie Yuliantod2000-epenulis0 aS. Jaid1973-epenulis0 aWidodo Basukid1967-epenulis0 aMashuriepenyunting aYOPDYOG31aSidoarjo :bKomunitas Seni Budaya BranGWetaN,c2019 2rdacontentateks 2rdamediaatanpa perantara 2rdacarrieravolume a67159-PD/A.2021